01395nam a22003377a 4500003000400000005001700004008004100021040002200062082001800084100003000102245003000132260006000162300002100222366000800243490002700251505001200278505005700290505013000347505001200477650006000489650005200549650005300601650004300654650004500697650005600742650004700798700003600845942002900881999001500910952013200925OSt20230616132608.0221006b |||||||| |||| 00| 0 eng d cBiblioteca Lado V a709.05bG851a 9855aGriffin, Timeeditor aArtforum/bInternacional/ aNew Yorkc2004bNew York editorial and business offices c26.5x27cma222p. espa aMarzov2004x0864-1315 tLetters tCOLUMNSaPassages Books Film Sound News Top Ten tFEATURESgHistorical Fiction 1000 Words Inside the Light Cube In Conversation Rules of Engagement Wall to wall Openings tReviews 2Tesauro de Arte & ArquitecturaaARTE COMTEMPORANEO9703 2Tesauro de Arte & ArquitecturaaFOTOGRAFIA9702 2Tesauro de Arte & ArquitecturaaARTE VISUAL9702 2Tesauro de Arte & ArquitecturaaLIBROS 2Tesauro de Arte & ArquitecturaaNOTICIAS 2 Tesauro de Arte & ArquitecturaaARTE INTERNACIONAL 2 Tesauro de Arte & ArquitecturaaESCULTURA aNavarreta, Jose Antonioeeditor 2ddcc1h709.05iG851an0 c3871d3871 00102ddc3200440708RevistasaLVbLVd2023-06-16hMarzoi002536l0o709.05 G851ap002536r2023-06-16 00:00:00w2023-06-16y1